[Event "Madrid-ch Previa A"]
[Site "Madrid"]
[Date "2023.02.13"]
[Round "4.27"]
[White "Melero Fernandez, Jose M"]
[Black "Camarero Izquierdo, Juan Carlos"]
[Result "1-0"]
[WhiteElo "1334"]
[BlackElo "1651"]
[PlyCount "193"]
[EventDate "2023.02.06"]
[EventType "swiss"]
[EventRounds "9"]
[EventCountry "ESP"]
[SourceTitle "EXT 2024"]
[Source "ChessBase"]
[SourceDate "2023.10.10"]
[SourceVersion "1"]
[SourceVersionDate "2023.10.10"]
[SourceQuality "1"]

1. e4 c5 2. Nc3 e6 3. f4 Qc7 4. d3 a6 5. a4 d6 6. Nf3 Nd7 7. g3 Ngf6 8. Bg2 Rb8 9. Bd2 b5 10. b3 b4 11. Ne2 a5 12. 0-0 Bb7 13. Qe1 Be7 14. Be3 0-0 15. h3 Nb6 16. Qf2 d5 17. e5 d4 18. Bd2 Nfd5 19. Rfc1 Nc3 20. g4 f6 21. Ng3 Bxf3 22. Qxf3 fxe5 23. f5 exf5 24. Nxf5 Kh8 25. Qc6 Ne2+ 26. Kh2 Qxc6 27. Bxc6 Nxc1 28. Rxc1 Bf6 29. Be4 g6 30. Ng3 Bh4 31. Be1 Rf7 32. Kg1 Rbf8 33. Bg2 Bg5 34. Rd1 Be3+ 35. Kh1 Bf2 36. Ne4 Bxe1 37. Rxe1 Rc7 38. Kg1 h6 39. Nd6 Rd7 40. Ne4 Rc7 41. Nd6 Nd7 42. Nc4 Ra7 43. Nxe5 Nxe5 44. Rxe5 Rc7 45. Be4 Kg7 46. Re6 Rf6 47. Re5 Kf7 48. Bd5+ Kf8 49. Be4 Rd6 50. Kg2 g5 51. Rf5+ Ke7 52. Kg3 Rf6 53. Re5+ Kd8 54. Rd5+ Kc8 55. Re5 Kb8 56. Re8+ Rc8 57. Re7 Rb6 58. Rf7 Re8 59. Rf5 Rc8 60. Re5 Ka7 61. Re7+ Ka6 62. Bd5 Rbb8 63. Re6+ Ka7 64. Rxh6 Rb6 65. Rh7+ Kb8 66. Rg7 Re8 67. Be4 Re5 68. Rg8+ Kc7 69. Rg7+ Kd8 70. Rg8+ Ke7 71. Rg7+ Kf8 72. Ra7 c4 73. Ra8+ Kg7 74. Ra7+ Kf6 75. Rh7 Ree6 76. Rh6+ Ke7 77. Rxe6+ Rxe6 78. bxc4 Rb6 79. c5 Rb8 80. h4 gxh4+ 81. Kxh4 b3 82. cxb3 Rxb3 83. g5 Ra3 84. c6 Rxa4 85. g6 Ra1 86. Kg5 a4 87. g7 Rg1+ 88. Kh6 a3 89. c7 Kd7 90. c8B+ Kxc8 91. Bd5 Kc7 92. g8Q Rxg8 93. Bxg8 Kd6 94. Kg5 Kc5 95. Kf4 Kb4 96. Ke5 Kc3 97. Ke4 1-0

[Event "Collado Villalba Grupo Gallinero op 1st"]
[Site "Collado Villalba"]
[Date "2022.08.15"]
[Round "6"]
[White "Melero Fernandez, Jose M"]
[Black "Moreno Sabroso, Ruben"]
[Result "1/2-1/2"]
[WhiteElo "1229"]
[BlackElo "1457"]
[PlyCount "111"]
[EventDate "2022.08.12"]
[EventType "swiss"]
[EventRounds "9"]
[EventCountry "ESP"]
[SourceTitle "CBM 210 Extra"]
[Source "ChessBase"]
[SourceDate "2022.11.30"]
[SourceVersion "1"]
[SourceVersionDate "2022.11.30"]
[SourceQuality "1"]

1. e4 c5 2. Nc3 g6 3. f4 Nc6 4. Nf3 Bg7 5. Bc4 e6 6. 0-0 Nge7 7. d3 Na5 8. Bb3 Nxb3 9. axb3 0-0 10. Be3 d6 11. Qe1 b6 12. Qh4 f5 13. e5 d5 14. Nb5 a6 15. Nd6 d4 16. Bd2 Bd7 17. b4 Nc8 18. Qxd8 Rxd8 19. bxc5 bxc5 20. Nb7 Re8 21. Nxc5 Ra7 22. Rxa6 Rxa6 23. Nxa6 Bf8 24. Nc7 Rd8 25. Ng5 h6 26. Ngxe6 Bxe6 27. Nxe6 Rd7 28. Nxf8 Kxf8 29. Bb4+ Ke8 30. Ra1 Nb6 31. Ra6 Nd5 32. Bd2 Rc7 33. c3 dxc3 34. bxc3 Rb7 35. c4 Rb1+ 36. Kf2 Ne7 37. e6 Rb8 38. Be3 Rd8 39. Ke2 Ng8 40. c5 Nf6 41. Ra7 Nd5 42. Kd2 Rb8 43. Ra2 Ke7 44. g3 Kxe6 45. Bd4 Kd7 46. Ra7+ Ke6 47. Ra6+ Kf7 48. Ra7+ Ne7 49. c6 Ke6 50. Rb7 Nxc6 51. Rxb8 Nxb8 52. Kc3 Kd5 53. Bg7 h5 54. Kd2 Nc6 55. Kc3 Na7 56. Kb4 1/2-1/2

[Event "Madrid Vicalvaro op"]
[Site "Madrid"]
[Date "2022.05.08"]
[Round "1"]
[White "Melero Fernandez, Jose M"]
[Black "Alvarez Escudero, Manuel"]
[Result "0-1"]
[WhiteElo "1257"]
[BlackElo "1631"]
[PlyCount "112"]
[EventDate "2022.05.08"]
[EventType "swiss"]
[EventRounds "7"]
[EventCountry "ESP"]
[SourceTitle "EXT 2024"]
[Source "ChessBase"]
[SourceDate "2023.10.10"]
[SourceVersion "1"]
[SourceVersionDate "2023.10.10"]
[SourceQuality "1"]

1. e4 e5 2. Nf3 d6 3. d4 exd4 4. Nxd4 Be7 5. Nc3 Nf6 6. Bf4 Nc6 7. Qd2 0-0 8. 0-0-0 Nxd4 9. Qxd4 c5 10. Qd2 Be6 11. f3 a6 12. h4 b5 13. g4 b4 14. Nd5 Bxd5 15. exd5 Qa5 16. Kb1 Qb6 17. h5 Rfc8 18. g5 Nd7 19. g6 Ne5 20. gxh7+ Kxh7 21. h6 g6 22. Qe2 Bf6 23. Qe4 c4 24. Bxe5 Bxe5 25. f4 Bf6 26. Bxc4 Re8 27. Qf3 Re3 28. Qg4 Rae8 29. Bb3 R8e4 30. Qd7 Re7 31. Qg4 R3e4 32. Rhf1 Qe3 33. Rf3 Qe2 34. Rg3 Qxg4 35. Rxg4 Kxh6 36. a3 bxa3 37. bxa3 Re1 38. Rg1 Rxd1+ 39. Rxd1 Re4 40. Rh1+ Kg7 41. Rf1 a5 42. Kc1 Bc3 43. Kd1 Kf6 44. a4 Kf5 45. Kc1 Rxf4 46. Rxf4+ Kxf4 47. Kd1 Ke3 48. Bc4 f5 49. Bb5 g5 50. Bd7 f4 51. Bg4 f3 52. Bh3 f2 53. Bg2 g4 54. Bf1 Kf3 55. Be2+ Kg2 56. Bxg4 f1Q# 0-1